000 00419 a2200121 4500
001 ART_11022
005 20260410161849.0
008 260409a
245 1 0 _aCaracterísticas distributivas, presupuestos familiares y el impacto distributivo de las tarifas públicas
100 1 _aPorto, Alberto
700 1 _aNavajas, Fernando
773 0 _tEconómica
_g- Año XXXIV,Nº 1 (ene./jun.1988)
_wREV7541
999 _c24865
_d24865